00861nam a2200217 i 4500001001100000003000500011005001700016008004100033022001400074040002500088082001800113110003300131245015600164264005800320300002800378336002100406337002500427338002300452650012300475710004500598C2-0244826PPAK20180727210004.0030125s2002 my |||| ||||| | zxx d a1511-4821 aPPAKbengcPPAKerda04a657.740212232 aMalaysia. Jabatan Perangkaan00aAkaun keluaran dan perbelanjaan negara suku tahunan, Suku tahun ketiga 2002 = bQuarterly national product and expenditure accounts, Third Quarter 2002 1aKuala Lumpur : bJabatan Perangkaan Malaysia , c2002 axvi, 74 pages ; c30 cm 2rdacontentatext 2rdamediaaunmediated 2rdacarrieravolume10aNational income - Accounting - Statistics - Periodicals ; Gross national product - Malaysia - Statistics - Periodicals2 aMalaysia. Jabatan Perangkaan eorganizer